• 首页
  • 本馆介绍
  • 公告通知
  • 最新文献
  • 馆藏检索
  • 电子资源
  • 读者导购
  • 参考咨询
  • 我的图书馆
  • 登录
  • 详细信息显示
  • 放入我的书架
  • 预约/预借图书
  • 作者相关作品
  • 分类相关作品
  • 丛书相关作品
  • 出版社相关作品

书目信息

  • 表格格式
  • 工作单格式
  • 卡片格式
题名:
医务人员综合素质教育研究
    
 
作者: 黄小云 著
分册:  
出版信息: 长春   吉林科学技术出版社  2022.08
页数: 195页
开本: 26cm
丛书名:
单 册:
中图分类: R192
科图分类:
主题词: 医药卫生人员--yi yao wei sheng ren yuan--素质教育--研究
电子资源:
ISBN: 978-7-5578-9390-3
000 00870nam0 2200241 450
001 CAL 012022036586
005 20230217093112.0
010    @a978-7-5578-9390-3@dCNY49.00
100    @a20221020d2022 em y0chiy0120 ea
101 0  @achi
102    @aCN@b220000
105    @ay a 000yy
106    @ar
200 1  @a医务人员综合素质教育研究@Ayi wu ren yuan zong he su zhi jiao yu yan jiu@f黄小云著
210    @a长春@c吉林科学技术出版社@d2022.08
215    @a195页@d26cm
320    @a有书目 (第194-195页)
330    @a本书主要内容包括: 医务人员的职业认知、医务人员的职业精神与职业责任、医务人员的核心介值观培养、医务人员医患沟通能力的培养、医务人员的心理健康教育等。
606 0  @a医药卫生人员@Ayi yao wei sheng ren yuan@x素质教育@x研究
690    @aR192@v5
701  0 @a黄小云@Ahuang xiao yun@4著
801  0 @aCN@bBJXHZP@c20230228
905    @b1386344-7@dR192@e302@f4
    
    医务人员综合素质教育研究/黄小云著.-长春:吉林科学技术出版社,2022.08
    195页;26cm
    
    
    ISBN 978-7-5578-9390-3:CNY49.00
    本书主要内容包括: 医务人员的职业认知、医务人员的职业精神与职业责任、医务人员的核心介值观培养、医务人员医患沟通能力的培养、医务人员的心理健康教育等。
●
相关链接 在E读中查询图书 在五车中查询图书 在当当中查询图书 在豆瓣中查询图书


正题名:医务人员综合素质教育研究     索取号:R192/302         预约/预借

序号 登录号 条形码 馆藏地/架位号 状态 备注
1 1386344   213863443   第二样本阅览室/ [索取号:R192/302] 在馆    
2 1386345   213863452   第三借阅区/ [索取号:R192/302] 在馆    
3 1386346   213863461   第三借阅区/ [索取号:R192/302] 在馆    
4 1386347   213863470   第三借阅区/ [索取号:R192/302] 在馆    
唐山师范学院图书馆 欢迎您!
大连网信软件有限公司© 版权所有